Most common female names starting with I - Statistics

General Stats
  • This quiz has been taken 200 times
  • The average score is 27 of 100
Answer Stats
Hint Answer % Correct
62 Isa
91%
3 Isabel
91%
26 Isabell
89%
1 Isabella
87%
2 Irene
77%
8 Ida
67%
24 Iva
67%
4 Isabelle
66%
6 Ivy
66%
13 India
65%
7 Isla
62%
86 Ima
61%
22 Ina
61%
46 Ira
59%
5 Iris
58%
25 Ila
52%
9 Irma
50%
66 Irina
49%
89 Irena
47%
54 Imogen
45%
12 Ingrid
45%
17 Isabela
45%
27 Ivana
44%
45 Izabel
42%
83 Indiana
41%
93 Izabell
40%
19 Ivory
39%
16 Iliana
36%
38 Iman
36%
48 Indie
36%
60 Inga
35%
10 Izabella
35%
40 Izabelle
35%
82 Indy
34%
56 Ilona
33%
41 Ines
33%
95 Ivanka
30%
58 Isobel
29%
49 Iona
28%
34 Ilana
27%
47 Isadora
27%
18 Isis
27%
15 Inez
26%
50 Indigo
25%
71 Ivie
24%
61 Indira
23%
21 Ilene
21%
11 Imani
20%
33 Imelda
20%
72 Izabela
20%
29 Ireland
19%
88 Isra
19%
55 Italia
19%
23 Ivanna
19%
31 Ivonne
19%
39 Isha
18%
68 Italy
18%
30 Imogene
17%
85 Israel
17%
69 Illiana
15%
67 Ilse
15%
20 Ivette
15%
98 Ilianna
14%
75 Issabella
12%
80 Iola
11%
44 Ivey
11%
52 Idalia
10%
35 Ileana
10%
53 Inaya
10%
96 Ileen
9%
70 Ione
9%
57 Irie
9%
94 Irish
9%
59 Izzabella
8%
65 Inara
7%
78 Indya
7%
100 Inger
7%
91 Isaura
6%
14 Itzel
6%
37 Iyana
6%
99 Ianna
5%
28 Iesha
4%
92 Ilyana
4%
64 Imari
3%
87 Irelyn
3%
79 Irelynn
3%
51 Iyla
3%
73 Idella
2%
76 Inaaya
2%
84 Iqra
2%
97 Ishani
2%
42 Itzayana
2%
81 Ieshia
1%
43 Infant
1%
63 Isamar
1%
32 Isela
1%
77 Ivelisse
1%
74 Iyonna
1%
90 Izel
1%
36 Ilyanna
0%
No matching quizzes found
Score Distribution
Percent of People with Each Score
Percentile by Number Answered
Your Score History
You have not taken this quiz